Statistics for Star Wars Quiz (Hard)

Click here to take the quiz!

General Stats

  • This quiz has been taken 14 times
  • The average score is 9 of 15

Answer Stats

QuestionAnswer% Correct
Which of the following Jedi did Darth Vader not KillKi-Adi-Mundi
92%
Who started the "Rule of 2"Darth Bane
83%
Obi-Wan Kenobi's love interest was...Duchess Satine
83%
In order to become a Sith, Sheev Palpatine...Killed his entire family
83%
Which planet did Mace Windu and Mother Talzin fight onZardossa Stix
83%
Pong Krell, a Jedi who had fallen to the dark side, tricked clones intoFighting Each Other
75%
Obi-Wan Kenobi and Asajj Ventress fought together againstDarth Maul and Savage Oppress
67%
Who shot First at the Mos Eisley CantinaHan Solo
67%
The Mortis Gods wereThe Most powerful force users in the galaxy
67%
Obi-Wan used the lightsaber fighting form called...Soresu
50%
In the hunt between Grand Moff Tarkin and Darth Vader, Tarkin incapacitated Vader by...Using Lightning that naturally occured during a storm
50%
Who was the only person to blackmail Darth Vader and surviveChelli Aphra
33%
Count Dooku used the Lightsaber fighting form called Makashi, what main problem did this form have during duelsThe form made it hard to generate momentum during combat
33%
During the Clone Wars, General Grievous was captured by the gungans. Who did Count Dooku capture in order for a prisoner exchangeAnakin Skwalker
25%
What is the "Rule of 2"There can only be 2 grandmasters on the Jedi council at one time
0%

Score Distribution

Percentile by Number Answered

Percent of People with Each Score

Your Score History

You have not taken this quiz